<?xml version="1.0" encoding="UTF-8"?>
<record
    xmlns:xsi="http://www.w3.org/2001/XMLSchema-instance"
    xsi:schemaLocation="http://www.loc.gov/MARC21/slim http://www.loc.gov/standards/marcxml/schema/MARC21slim.xsd"
    xmlns="http://www.loc.gov/MARC21/slim">

  <leader>02597pam a2200325 i 4500</leader>
  <controlfield tag="001">8062457</controlfield>
  <controlfield tag="003">CaAEU</controlfield>
  <controlfield tag="005">20260512145936.0</controlfield>
  <controlfield tag="008">170306t20172017enka     b    001 0 eng  </controlfield>
  <datafield tag="010" ind1=" " ind2=" ">
    <subfield code="a">  2017007654</subfield>
  </datafield>
  <datafield tag="020" ind1=" " ind2=" ">
    <subfield code="a">9781292103129</subfield>
  </datafield>
  <datafield tag="035" ind1=" " ind2=" ">
    <subfield code="a">ocn974912732</subfield>
  </datafield>
  <datafield tag="040" ind1=" " ind2=" ">
    <subfield code="a">DLC</subfield>
    <subfield code="b">eng</subfield>
    <subfield code="e">rda</subfield>
    <subfield code="c">DLC</subfield>
    <subfield code="d">OCLCO</subfield>
    <subfield code="d">OCLCF</subfield>
    <subfield code="d">YDX</subfield>
    <subfield code="d">TFW</subfield>
    <subfield code="d">UAB</subfield>
    <subfield code="d">AEU</subfield>
  </datafield>
  <datafield tag="042" ind1=" " ind2=" ">
    <subfield code="a">pcc</subfield>
  </datafield>
  <datafield tag="050" ind1="0" ind2="0">
    <subfield code="a">HF5415.2</subfield>
    <subfield code="b">.M29 2017</subfield>
  </datafield>
  <datafield tag="100" ind1=" " ind2=" ">
    <subfield code="a">Malhotra, Naresh</subfield>
    <subfield code="e">author.</subfield>
    <subfield code="9">2313</subfield>
  </datafield>
  <datafield tag="245" ind1="1" ind2="0">
    <subfield code="a">Marketing research </subfield>
    <subfield code="b">: an applied approach </subfield>
    <subfield code="c">/ Naresh K. Malhotra, Daniel Nunan, David F. Birks.</subfield>
  </datafield>
  <datafield tag="250" ind1=" " ind2=" ">
    <subfield code="a">Fifth Edition.</subfield>
  </datafield>
  <datafield tag="264" ind1=" " ind2="1">
    <subfield code="a">Harlow, England :</subfield>
    <subfield code="b">Pearson,</subfield>
    <subfield code="c">[2017]</subfield>
  </datafield>
  <datafield tag="264" ind1=" " ind2="4">
    <subfield code="c">&#xA9;2017</subfield>
  </datafield>
  <datafield tag="300" ind1=" " ind2=" ">
    <subfield code="a">xvi, 957 pages :</subfield>
    <subfield code="b">illustrations ;</subfield>
    <subfield code="c">26 cm</subfield>
  </datafield>
  <datafield tag="504" ind1=" " ind2=" ">
    <subfield code="a">Includes bibliographical references and indexes.</subfield>
  </datafield>
  <datafield tag="505" ind1="0" ind2=" ">
    <subfield code="a">Introduction to Marketing Research &#x2014; Defining the Marketing Research Problem and Developing a Research Approach &#x2014; Research Design &#x2014; Secondary Data Collection and Analysis &#x2014; Internal Secondary Data and Analytics &#x2014; Qualitative Research: Its Nature and Approaches &#x2014; Qualitative Research: Focus Group Discussions &#x2014; Qualitative Research: In-Depth Interviewing and Projective Techniques &#x2014; Qualitative Research: Data Analysis &#x2014; Survey and Quantitative Observation Techniques &#x2014; Causal Research Design: Experimentation &#x2014; Measurement and Scaling: Fundamentals, Comparative and Non-Comparative Scaling &#x2014; Questionnaire Design &#x2014; Sampling: Design and Procedures &#x2014; Sampling: Determining Sample Size &#x2014; Survey Fieldwork &#x2014; Social Media Research &#x2014; Mobile Research &#x2014; Data Integrity &#x2014; Frequency Distribution, Cross-Tabulation and Hypothesis Testing &#x2014; Analysis of Variance and Covariance &#x2014; Correlation and Regression &#x2014; Discriminant and Logit Analysis &#x2014; Factor Analysis &#x2014; Cluster Analysis &#x2014; Multidimensional Scaling and Conjoint Analysis &#x2014; Structural Equation Modelling and Path Analysis &#x2014; Communicating Research Findings &#x2014; Business-to-Business (B2B) Marketing Research &#x2014; Research Ethics.</subfield>
  </datafield>
  <datafield tag="520" ind1=" " ind2=" ">
    <subfield code="a">This edition of Marketing Research: An Applied Approach forms a comprehensive, authoritative and thoroughly European introduction to applied marketing research and covers both quantitative and qualitative techniques in depth. Marketing Research: An Applied Approach is aimed at students studying marketing research at undergraduate and postgraduate level.</subfield>
  </datafield>
  <datafield tag="650" ind1=" " ind2="0">
    <subfield code="a">Marketing research</subfield>
    <subfield code="9">1465</subfield>
  </datafield>
  <datafield tag="650" ind1=" " ind2="0">
    <subfield code="a">Marketing research </subfield>
    <subfield code="x">Methodology</subfield>
    <subfield code="9">8379</subfield>
  </datafield>
  <datafield tag="700" ind1=" " ind2=" ">
    <subfield code="a">Nunan, Daniel</subfield>
    <subfield code="e">author.</subfield>
    <subfield code="9">26046</subfield>
  </datafield>
  <datafield tag="700" ind1=" " ind2=" ">
    <subfield code="a">Birks, David F.</subfield>
    <subfield code="e">author.</subfield>
    <subfield code="9">21309</subfield>
  </datafield>
  <datafield tag="942" ind1=" " ind2=" ">
    <subfield code="2">lcc</subfield>
  </datafield>
  <datafield tag="952" ind1=" " ind2=" ">
    <subfield code="0">0</subfield>
    <subfield code="1">0</subfield>
    <subfield code="2">lcc</subfield>
    <subfield code="4">0</subfield>
    <subfield code="7">0</subfield>
    <subfield code="a">TBS</subfield>
    <subfield code="b">TBS</subfield>
    <subfield code="d">2025-10-07</subfield>
    <subfield code="l">0</subfield>
    <subfield code="o">HF5415.2 MAL</subfield>
    <subfield code="r">2025-10-07</subfield>
    <subfield code="t">1</subfield>
    <subfield code="w">2025-10-07</subfield>
    <subfield code="y">1</subfield>
    <subfield code="z">SOON AVAILABLE</subfield>
  </datafield>
  <datafield tag="999" ind1=" " ind2=" ">
    <subfield code="c">5016</subfield>
    <subfield code="d">5016</subfield>
  </datafield>
</record>
